000
00267nam a2200109Ia 4500
008
220120s9999||||xx |||||||||||||| ||und||
100
_a
Kumar, Uday, S
245
0
_a
Signals and systems
260
_a
Bharat prakashan
_c
2000
300
_b
0
650
_a
COMPUTER SCIENCE
999
_c
136747
_d
136747